Class bully zhou xiao zhou = Ban ba zhou xiao zhou

Bibliographic Details
Main Author: Wang Yong Ying
Format: Book
Published: China : Chun Feng Literature Publication , 2006
Subjects:

MARC

LEADER 00000cam a2200000 7i4500
001 0000125715
005 20250912102535.0
020 |a 9787531330905 
090 0 0 |a JFM   |b WAN 
100 0 |a Wang Yong Ying 
245 1 0 |a Class bully zhou xiao zhou = Ban ba zhou xiao zhou   |c Wang Yong Ying 
260 |a China :   |b Chun Feng Literature Publication ,   |c 2006 
300 |a 163p. ;   |c 21cm. 
650 0 0 |a Children's stories, Chinese 
650 0 0 |a Chinese fiction 
650 0 0 |a Chinese language 
999 |a 00219846   |b BUKU   |c JUNIOR FICTION MANDARIN COLLECTION   |e PERPUSTAKAAN KOMUNITI PETALING JAYA